[Event "ICS rated standard match"]
[Site "204.178.125.65"]
[Date "2000.10.02"]
[Round "?"]
[White "Hossa"]
[Black "Amy"]
[Result "1/2-1/2"]
[WhiteElo "2460"]
[BlackElo "2586"]
[PlyCount "286"]
[EventDate "2000.??.??"]

1. e4 c5 2. Nf3 Nc6 3. d4 cxd4 4. Nxd4 e6 5. Nc3 Qc7 6. Be2 a6 7. f4 d6 8. Be3
Nf6 9. Nxc6 bxc6 10. O-O Be7 11. Qe1 O-O 12. Qg3 Bd7 13. Rad1 Qb8 14. e5 Nd5
15. Nxd5 cxd5 16. Bd4 f6 17. c4 dxc4 18. exd6 Bxd6 19. Bxc4 Kh8 20. Qe3 Bb5 21.
b3 Re8 22. Rf2 Bxc4 23. bxc4 e5 24. fxe5 Bxe5 25. Bxe5 Rxe5 26. Qf3 Qa7 27.
Rdf1 Rae8 28. Qc6 R5e6 29. Qd5 Re2 30. Qc6 R2e5 31. Qd6 Rf5 32. Qd2 Qc5 33. Rc1
Rb8 34. a4 Re5 35. g3 Rbe8 36. Qd3 Re2 37. Qf3 Ra2 38. Qf5 Qxf5 39. Rxf5 Ree2
40. Rh5 Rxa4 41. Rd5 h6 42. Rd3 Raa2 43. h4 g5 44. hxg5 hxg5 45. c5 Kg8 46. c6
Rac2 47. Rxc2 Rxc2 48. Rd6 Kf7 49. c7 a5 50. Ra6 Rxc7 51. Rxa5 Rc2 52. Ra6 Kg6
53. Re6 Rd2 54. Rb6 Re2 55. Ra6 Rb2 56. Kh1 Rc2 57. Kg1 Re2 58. Ra8 f5 59. Rf8
Rc2 60. Kf1 Rd2 61. Kg1 Re2 62. Kf1 Rc2 63. Kg1 Rd2 64. Kf1 Rb2 65. Kg1 Ra2 66.
Kf1 Rh2 67. Kg1 Rb2 68. Kf1 Ra2 69. Kg1 Ra5 70. Kg2 Kh5 71. Kh3 g4+ 72. Kg2
Ra2+ 73. Kf1 Kg5 74. Re8 Rb2 75. Re6 Rd2 76. Rb6 Rd3 77. Kg2 Rd5 78. Kf2 Rc5
79. Re6 Rc2+ 80. Kf1 Rc1+ 81. Kf2 Rc5 82. Kg1 Rc7 83. Kf2 Rc8 84. Rd6 Rc2+ 85.
Kf1 Rc1+ 86. Kg2 Rc4 87. Kf2 Rc3 88. Re6 Rd3 89. Ra6 Rd2+ 90. Kf1 Rd7 91. Kf2
Rd4 92. Re6 Rd1 93. Kg2 Rd2+ 94. Kf1 Rd3 95. Kg2 Rd5 96. Kf1 Rd8 97. Kg2 Rd7
98. Ra6 Re7 99. Kf2 Rb7 100. Re6 Rc7 101. Rd6 Rc8 102. Re6 Rb8 103. Kg2 Kh5
104. Rf6 Rb2+ 105. Kf1 Rb1+ 106. Kf2 Kg5 107. Re6 Rc1 108. Rd6 Rc4 109. Re6 Rc3
110. Rd6 Ra3 111. Re6 Ra2+ 112. Kf1 Rb2 113. Kg1 Rb4 114. Kf2 Rd4 115. Kg2 Re4
116. Rd6 Re2+ 117. Kg1 Re3 118. Kf2 Rf3+ 119. Kg2 Rb3 120. Rd8 Rb2+ 121. Kh1 f4
122. Rd5+ Kg6 123. gxf4 Kf6 124. Rg5 Rb1+ 125. Kg2 Rb2+ 126. Kg3 Re2 127. Rc5
Re3+ 128. Kxg4 Re6 129. Rf5+ Kg6 130. Rf8 Rd6 131. f5+ Kh6 132. Rg8 Rd4+ 133.
Kh3 Rd3+ 134. Kg4 Rd4+ 135. Kh3 Rd3+ 136. Kg4 Rd4+ 137. Kf3 Kh5 138. f6 Rd6
139. Rf8 Kg5 140. f7 Rf6+ 141. Ke4 Kg6 142. Ke5 Rxf7 143. Rxf7 Kxf7 {
Game drawn because neither player has mating material} 1/2-1/2

[Event "ICS rated blitz match"]
[Site "204.178.125.65"]
[Date "2000.10.02"]
[Round "?"]
[White "Colorado"]
[Black "Hossa"]
[Result "1/2-1/2"]
[WhiteElo "2686"]
[BlackElo "2459"]
[PlyCount "192"]
[EventDate "2000.??.??"]

1. e4 e6 2. d4 d5 3. Nc3 dxe4 4. Nxe4 Nc6 5. Nf3 Nge7 6. Bc4 Nf5 7. c3 Nd6 8.
Nxd6+ Bxd6 9. Ng5 Be7 10. Qg4 O-O 11. O-O h6 12. Nf3 e5 13. Qg3 exd4 14. Bxh6
Bf6 15. Rad1 Qd6 16. Bg5 Qxg3 17. fxg3 Bxg5 18. Nxg5 Bg4 19. Rde1 Bh5 20. g4
Bg6 21. cxd4 Rad8 22. Rf4 Rxd4 23. Rxd4 Nxd4 24. Re7 b5 25. Bd5 c6 26. Nf3 Ne2+
27. Kf2 cxd5 28. Kxe2 a6 29. Ra7 Rc8 30. Nd4 Rc4 31. Ke3 Ra4 32. a3 Be4 33. g3
b4 34. axb4 Rxb4 35. b3 Rb6 36. h4 f6 37. Rc7 Kh7 38. Kd2 Kh6 39. Re7 g6 40.
Ke3 Rd6 41. Kf4 g5+ 42. Ke3 Bb1 43. Re8 Kg6 44. h5+ Kf7 45. Rc8 Kg7 46. Rb8 Be4
47. Re8 Kf7 48. Rh8 Rb6 49. Rc8 Kg7 50. Kf2 Rd6 51. Ke3 Rb6 52. Re8 Kf7 53. Rd8
Kg7 54. Re8 Kf7 55. Rd8 Kg7 56. Ra8 Rd6 57. Ra7+ Kh6 58. Re7 Rb6 59. Re8 Bb1
60. Kd2 Be4 61. Ke3 Bb1 62. Kd2 Be4 63. Rh8+ Kg7 64. Ra8 Kh6 65. Re8 f5 66.
gxf5 Kxh5 67. Re6 Rb4 68. Ke3 a5 69. Ra6 Kg4 70. f6 Rb7 71. Rxa5 Rf7 72. Ra6
Kxg3 73. Re6 g4 74. Ne2+ Kh4 75. Kf4 Bd3 76. Ng3 Rb7 77. Re3 Bg6 78. Nf5+ Bxf5
79. Kxf5 d4 80. Re4 Rb5+ 81. Kg6 Rg5+ 82. Kf7 d3 83. Ke6 Rb5 84. f7 d2 85. Rd4
Rb6+ 86. Ke7 Rb7+ 87. Kf8 Rxb3 88. Kg8 Rf3 89. Kg7 Rxf7+ 90. Kxf7 d1=R 91. Rxd1
g3 92. Rh1+ Kg4 93. Kg6 g2 94. Rg1 Kf3 95. Kf6 Kf2 96. Rxg2+ Kxg2 {
Game drawn because neither player has mating material} 1/2-1/2

[Event "ICS rated blitz match"]
[Site "204.178.125.65"]
[Date "2000.10.02"]
[Round "?"]
[White "Hossa"]
[Black "Skullcracker"]
[Result "1-0"]
[WhiteElo "2468"]
[BlackElo "1911"]
[PlyCount "99"]
[EventDate "2000.??.??"]

1. e4 c5 2. c3 d6 3. d4 cxd4 4. cxd4 Nf6 5. Nc3 g6 6. Nf3 Bg7 7. Bb5+ Bd7 8.
Bd3 O-O 9. O-O Nc6 10. Be2 Rc8 11. d5 Nb8 12. Bg5 a6 13. Qd2 b5 14. a3 Rc7 15.
Nd4 Bc8 16. Rac1 Bb7 17. Bf3 Nbd7 18. Bh6 Ne5 19. Bxg7 Kxg7 20. b3 Qa8 21. Rc2
Rfc8 22. Rfc1 Nxf3+ 23. Nxf3 Rc5 24. Ng5 R8c7 25. b4 Rc4 26. Qd3 Qc8 27. f3 h6
28. Nh3 Ba8 29. Qd2 Nd7 30. Nf2 Ne5 31. Kh1 f6 32. Nfd1 Bb7 33. Ne3 h5 34. f4
Ng4 35. Nxc4 Rxc4 36. h3 Nh6 37. Nd1 Qc7 38. Rxc4 bxc4 39. Qd4 Bc8 40. Qxc4
Qxc4 41. Rxc4 Bd7 42. Rc6 Nf7 43. Rxa6 g5 44. Ra7 Bb5 45. fxg5 fxg5 46. Nc3 Bd3
47. Rxe7 Kf8 48. Re6 g4 49. hxg4 hxg4 50. b5 {Skullcracker resigns} 1-0

[Event "ICS rated blitz match"]
[Site "204.178.125.65"]
[Date "2000.10.02"]
[Round "?"]
[White "Skullcracker"]
[Black "Hossa"]
[Result "0-1"]
[WhiteElo "1910"]
[BlackElo "2469"]
[PlyCount "96"]
[EventDate "2000.??.??"]

1. d4 d5 2. Nf3 Nf6 3. Bf4 Bf5 4. e3 e6 5. h3 Nc6 6. Bd3 Bxd3 7. cxd3 Bd6 8.
Ne5 Nxe5 9. dxe5 Bb4+ 10. Nc3 Nd7 11. d4 g5 12. Bg3 Nb6 13. O-O c6 14. a3 Bxc3
15. bxc3 Nc4 16. Qd3 f5 17. exf6 Qxf6 18. e4 O-O-O 19. a4 Rd7 20. a5 Rf8 21. a6
b6 22. Rfb1 Rdf7 23. f3 Re7 24. Rb4 b5 25. Rxc4 dxc4 26. Qc2 Rd7 27. Be5 Qf7
28. Qd2 h6 29. Qe3 Kd8 30. Rb1 Ke8 31. d5 cxd5 32. Rxb5 Qe7 33. exd5 exd5 34.
Qd4 h5 35. Rxd5 Rf5 36. Rxd7 Qxd7 37. Bd6 Qe6 38. Bg3 h4 39. Bf2 Ra5 40. Qh8+
Ke7 41. Qg7+ Qf7 42. Qd4 Ke8 43. Qe4+ Kf8 44. Qc6 Ra1+ 45. Kh2 Qf4+ 46. g3
hxg3+ 47. Bxg3 Qd2+ 48. Bf2 Qxf2# {Skullcracker checkmated} 0-1

[Event "ICS rated blitz match"]
[Site "204.178.125.65"]
[Date "2000.10.02"]
[Round "?"]
[White "Chessa"]
[Black "Hossa"]
[Result "0-1"]
[WhiteElo "2203"]
[BlackElo "2470"]
[PlyCount "82"]
[EventDate "2000.??.??"]

1. d4 d5 2. Nf3 Nf6 3. c4 e6 4. Nc3 c6 5. e3 Bd6 6. Qc2 b6 7. Bd3 Na6 8. a3 O-O
9. O-O c5 10. cxd5 exd5 11. h3 c4 12. Bf5 Bxf5 13. Qxf5 Nc7 14. Ne5 Qc8 15. Qf3
Re8 16. Ng4 Ne4 17. Nxe4 Rxe4 18. Bd2 f5 19. Nh2 Qd7 20. g3 Rae8 21. Qg2 Qe7
22. Nf3 Rc8 23. Bc3 Qd8 24. Rfc1 a6 25. a4 Re6 26. Ne5 Qg5 27. f4 Qe7 28. Be1
Rf8 29. Rab1 Re8 30. b3 b5 31. Ba5 Qd8 32. axb5 axb5 33. bxc4 bxc4 34. Rb7 Qa8
35. Rxc7 Bxc7 36. Bxc7 Rc8 37. Rxc4 dxc4 38. Qxa8 Rxa8 39. d5 Rea6 40. Nxc4
Ra1+ 41. Kf2 R8a2+ {Chessa resigns} 0-1

[Event "ICS rated blitz match"]
[Site "204.178.125.65"]
[Date "2000.10.02"]
[Round "?"]
[White "Hossa"]
[Black "Chessa"]
[Result "0-1"]
[WhiteElo "2476"]
[BlackElo "2197"]
[PlyCount "100"]
[EventDate "2000.??.??"]

1. e4 e6 2. d4 d5 3. Nc3 Bb4 4. e5 c5 5. a3 Bxc3+ 6. bxc3 Ne7 7. Qg4 Qc7 8.
Qxg7 Rg8 9. Qxh7 cxd4 10. Ne2 Nbc6 11. f4 Bd7 12. Qd3 dxc3 13. Qxc3 Nf5 14. Rb1
O-O-O 15. Rg1 d4 16. Qd3 Be8 17. g4 Nh4 18. Bb2 f6 19. exf6 Bg6 20. Qh3 Qh7 21.
Ra1 Bxc2 22. g5 Bf5 23. Qg3 d3 24. Rd1 dxe2 25. Bxe2 Rxd1+ 26. Bxd1 Ng6 27. Rf1
Rd8 28. Rf2 Rd3 29. Rf3 Rd6 30. Bb3 Nd4 31. Bxd4 Rxd4 32. Rc3+ Kb8 33. Bxe6
Bxe6 34. f5+ Nf4 35. Kf2 Qxf5 36. h4 a6 37. Rf3 Ka7 38. Rxf4 Rxf4+ 39. Ke3 Qe4+
40. Kd2 Qd4+ 41. Qd3 Rf2+ 42. Ke1 Qxd3 43. Kxf2 Bd5 44. a4 Qf3+ 45. Ke1 Qg2 46.
Kd1 Bb3+ 47. Ke1 Bc4 48. Kd1 Qe2+ 49. Kc1 Bd3 50. g6 Qc2# {Hossa checkmated}
0-1

[Event "ICS rated blitz match"]
[Site "204.178.125.65"]
[Date "2000.10.02"]
[Round "?"]
[White "Hossa"]
[Black "salzi"]
[Result "1-0"]
[WhiteElo "2449"]
[BlackElo "2122"]
[PlyCount "38"]
[EventDate "2000.??.??"]

1. e4 c5 2. Nf3 d6 3. d4 cxd4 4. Nxd4 Nf6 5. Nc3 a6 6. Bg5 Nbd7 7. Be2 e6 8.
O-O Be7 9. a4 Qc7 10. Nb3 b6 11. a5 b5 12. Qd4 Bb7 13. f4 Nc5 14. Nd2 h6 15.
Bh4 O-O-O 16. Rad1 Rhg8 17. b4 Ncd7 18. Bxb5 axb5 19. Nxb5 Qc6 {salzi resigns}
1-0

[Event "ICS rated blitz match"]
[Site "204.178.125.65"]
[Date "2000.10.02"]
[Round "?"]
[White "salzi"]
[Black "Hossa"]
[Result "0-1"]
[WhiteElo "2132"]
[BlackElo "2453"]
[PlyCount "92"]
[EventDate "2000.??.??"]

1. d4 d5 2. c4 e6 3. Nc3 Nf6 4. e3 Bb4 5. Nge2 dxc4 6. a3 Ba5 7. Qa4+ c6 8.
Qxc4 b5 9. Qd3 O-O 10. Bd2 e5 11. Qc2 exd4 12. Nxd4 c5 13. Nf3 b4 14. axb4 cxb4
15. Ne4 Bf5 16. Nxf6+ Qxf6 17. Bd3 b3 18. Qb1 Bxd2+ 19. Nxd2 Bxd3 20. Qxd3 Qxb2
21. O-O Qc2 22. Qxc2 bxc2 23. Rfc1 Rc8 24. Ra2 a5 25. Raxc2 Rxc2 26. Rxc2 Na6
27. Ra2 Nc5 28. Kf1 a4 29. Ke2 h6 30. e4 f6 31. Ke3 Kf7 32. Kd4 Rc8 33. Nc4
Ne6+ 34. Kc3 Kg6 35. f3 Nf4 36. g3 Ne6 37. Rxa4 Ng5 38. h4 Nxf3 39. Kd3 Rb8 40.
Ra3 Kh5 41. Ke2 Nd4+ 42. Kf2 Rb4 43. Rc3 Ra4 44. e5 Ra2+ 45. Ke3 Ne2 46. exf6
Nxc3 {salzi resigns} 0-1

[Event "ICS rated standard match"]
[Site "204.178.125.65"]
[Date "2000.10.02"]
[Round "?"]
[White "Colorado"]
[Black "Hossa"]
[Result "1-0"]
[WhiteElo "2493"]
[BlackElo "2412"]
[PlyCount "119"]
[EventDate "2000.??.??"]

1. e4 e5 2. Bc4 Nf6 3. d3 Nc6 4. Nc3 Bb4 5. Bg5 Na5 6. Nge2 Nxc4 7. dxc4 d6 8.
O-O c6 9. a3 Ba5 10. Qd3 h6 11. Bh4 O-O 12. Rad1 Bc7 13. Qf3 g5 14. Bg3 Qe7 15.
h3 Bb6 16. Qd3 Ne8 17. Na4 Bc7 18. Qe3 f5 19. exf5 Bxf5 20. Rd2 Nf6 21. Nec3
Qf7 22. b3 Qg6 23. Rc1 Nd7 24. b4 Qf7 25. Ne4 d5 26. Nec5 b6 27. Nxd7 Bxd7 28.
Nb2 Bf5 29. cxd5 cxd5 30. Rcd1 Rad8 31. Qf3 e4 32. Qe3 Bxg3 33. Qxg3 Qf6 34.
Rd4 e3 35. Qxe3 Bxc2 36. Rc1 Rde8 37. Qd2 Bb3 38. Rc3 Ba2 39. Nd1 Kh8 40. Ne3
Rd8 41. Rc7 Qe5 42. Qc2 Bb1 43. Rh7+ Kg8 44. Qxb1 Qe6 45. Nxd5 Rde8 46. Rxa7
Qe1+ 47. Qxe1 Rxe1+ 48. Kh2 Re6 49. f4 gxf4 50. Nxf4 Rc6 51. b5 Rc2 52. Ne6
Rxg2+ 53. Kxg2 Rc8 54. Rg7+ Kh8 55. Rh4 Rc2+ 56. Kf3 Rc3+ 57. Ke2 Rc2+ 58. Kd3
Rd2+ 59. Kxd2 h5 60. Rxh5# {Hossa checkmated} 1-0

[Event "ICS rated blitz match"]
[Site "204.178.125.65"]
[Date "2000.10.02"]
[Round "?"]
[White "Hossa"]
[Black "Colorado"]
[Result "1-0"]
[WhiteElo "2464"]
[BlackElo "2671"]
[PlyCount "81"]
[EventDate "2000.??.??"]

1. d4 d5 2. Bf4 Nf6 3. Qd3 e6 4. Nf3 Nc6 5. Nc3 Nh5 6. Be3 Be7 7. O-O-O O-O 8.
g4 Nf6 9. Qd2 Nxg4 10. Rg1 Nxe3 11. Qxe3 Bf6 12. Qf4 Bd7 13. e4 dxe4 14. Nxe4
Kh8 15. Ne5 Nxe5 16. dxe5 Be7 17. Rd3 Qe8 18. Nf6 Bxf6 19. exf6 g5 20. Qxg5 Rg8
21. Qxg8+ Qxg8 22. Rxg8+ Rxg8 23. Rxd7 Rg6 24. Rxf7 Rg1 25. Rf8+ Rg8 26. Rxg8+
Kxg8 27. Bd3 h5 28. Bg6 h4 29. f7+ Kf8 30. Kd2 a5 31. Ke3 b5 32. Kf3 h3 33. Kg3
c5 34. Kxh3 a4 35. Kg4 c4 36. a3 Ke7 37. Kg5 b4 38. Kh6 Kf8 39. c3 b3 40. f3 e5
41. h4 {Colorado resigns} 1-0

[Event "ICS Rated blitz match"]
[Site "204.178.125.65"]
[Date "2000.10.02"]
[Round "?"]
[White "Colorado"]
[Black "Hossa"]
[Result "1-0"]
[WhiteElo "2646"]
[BlackElo "2489"]
[PlyCount "83"]
[EventDate "2000.??.??"]

1. e4 e6 2. d4 d6 3. Nc3 Nf6 4. Nf3 Be7 5. Bd3 Nc6 6. O-O O-O 7. Qe2 Nb4 8. Bc4
d5 9. Bb3 dxe4 10. Nxe4 Nxe4 11. Qxe4 Nd5 12. Re1 Nf6 13. Qe2 b6 14. Bf4 a5 15.
Bc4 Bb7 16. Rad1 Bd6 17. Be5 a4 18. a3 Qe7 19. h3 Rfd8 20. Qe3 Ra5 21. Qf4 Nh5
22. Qe3 Nf6 23. Qf4 b5 24. Bd3 Bd5 25. Re3 Nh5 26. Qg4 Nf6 27. Qf4 Nh5 28. Qg4
Nf6 29. Qh4 h6 30. Nd2 Bc6 31. Rg3 Kf8 32. Re1 Ra7 33. Nf3 Rb7 34. c3 Rbb8 35.
Re3 Bxe5 36. Nxe5 Qe8 37. Rxg7 Kxg7 38. Rg3+ Kf8 39. Qxf6 Be4 40. Bxe4 Rxd4 41.
Ng6+ Kg8 42. Qh8# {Hossa checkmated} 1-0

[Event "ICS rated blitz match"]
[Site "204.178.125.65"]
[Date "2000.10.02"]
[Round "?"]
[White "Hossa"]
[Black "Colorado"]
[Result "0-1"]
[WhiteElo "2480"]
[BlackElo "2655"]
[PlyCount "150"]
[EventDate "2000.??.??"]

1. e4 e5 2. Nf3 Nc6 3. Bb5 a6 4. Ba4 Nf6 5. d4 exd4 6. O-O Be7 7. e5 Ne4 8.
Nxd4 O-O 9. Nf5 d5 10. Bxc6 bxc6 11. Nxe7+ Qxe7 12. Re1 Re8 13. f3 Nd6 14. Bf4
Nf5 15. Qd2 Rb8 16. b3 h6 17. Qf2 Qb4 18. Bd2 Qd4 19. Qxd4 Nxd4 20. Na3 Bf5 21.
Rac1 Rbd8 22. c3 Ne6 23. g4 Bg6 24. f4 Nc5 25. Ra1 Be4 26. Be3 Nd3 27. Rf1 c5
28. Bc1 Re6 29. Be3 Rf8 30. Rfd1 f6 31. exf6 Rfxf6 32. Rf1 Bf5 33. g5 Rf7 34.
Nc2 Rfe7 35. Rf3 h5 36. Raf1 g6 37. h4 c6 38. Rg3 Re8 39. Rff3 Nb2 40. Bc1 Re2
41. Ne3 Be4 42. Rf1 Nd3 43. a3 Rf8 44. b4 cxb4 45. axb4 Rxf4 46. Rxf4 Nxf4 47.
Nf1 Nd3 48. Be3 Ne5 49. Bc5 Nf3+ 50. Rxf3 Bxf3 51. Ne3 Kf7 52. Bd4 Ke6 53. Bb6
Ke5 54. Nf1 Rg2+ 55. Kh1 Rxg5+ 56. Kh2 Rg2+ 57. Kh3 Rc2 58. Kg3 Rxc3 59. Bc7+
Kf5 60. Bb6 Be2+ 61. Ne3+ Ke4 62. Kf2 Bf3 63. Bc5 d4 64. Nf1 Rc2+ 65. Ke1 Re2+
66. Kd1 Kd3 67. Bd6 Re6+ 68. Kc1 Re1+ 69. Kb2 Rxf1 70. Be5 Rf2+ 71. Kb1 Kc3 72.
Bxd4+ Kxd4 73. Kc1 Kc3 74. Kb1 Bd5 75. b5 Rf1# {Hossa checkmated} 0-1

[Event "ICS rated standard match"]
[Site "204.178.125.65"]
[Date "2000.10.02"]
[Round "?"]
[White "Hossa"]
[Black "Colorado"]
[Result "1-0"]
[WhiteElo "2400"]
[BlackElo "2505"]
[PlyCount "129"]
[EventDate "2000.??.??"]

1. e4 e5 2. Nf3 Nf6 3. Nxe5 d6 4. Nf3 Nxe4 5. d4 d5 6. Bd3 Bd6 7. O-O O-O 8. c4
c6 9. cxd5 cxd5 10. Nc3 Nxc3 11. bxc3 Bg4 12. Rb1 Nd7 13. h3 Bh5 14. Rb5 Nb6
15. c4 Bxf3 16. Qxf3 dxc4 17. Bc2 Qd7 18. a4 g6 19. Bd2 Bc7 20. Bh6 Rfd8 21.
Rc5 Rac8 22. a5 Qxd4 23. Rxc7 Rxc7 24. Rd1 Qh4 25. Rxd8+ Qxd8 26. axb6 axb6 27.
Be3 Re7 28. h4 b5 29. Qg4 Qc7 30. h5 Qe5 31. hxg6 fxg6 32. Qc8+ Kg7 33. Qd8 Kf7
34. Bh6 Qc5 35. Qf8+ Ke6 36. Qd8 Qd5 37. Qg8+ Rf7 38. Qe8+ Kf6 39. f4 Qc5+ 40.
Kh2 Rc7 41. Bd1 Qd6 42. Bg4 Rf7 43. Qh8+ Ke7 44. Bg5+ Qf6 45. Bxf6+ Rxf6 46.
Qxh7+ Kf8 47. Qxb7 Rf7 48. Qxb5 Rh7+ 49. Kg1 Re7 50. Qb4 Kf7 51. Qxc4+ Kg7 52.
Qd4+ Kh7 53. Be6 Rb7 54. Bg8+ Kxg8 55. Qd5+ Rf7 56. Kf2 Kg7 57. Qxf7+ Kxf7 58.
Kg3 Ke6 59. Kg4 Kf6 60. g3 Kf7 61. Kg5 Kg7 62. g4 Kf7 63. Kh6 Kf6 64. g5+ Kf5
65. Kh7 {Colorado resigns} 1-0

[Event "ICS rated blitz match"]
[Site "204.178.125.65"]
[Date "2000.10.02"]
[Round "?"]
[White "Hossa"]
[Black "asrian"]
[Result "1-0"]
[WhiteElo "2473"]
[BlackElo "2032"]
[PlyCount "36"]
[EventDate "2000.??.??"]

1. e4 c5 2. Nf3 Nc6 3. d4 cxd4 4. Nxd4 Nf6 5. Nc3 e5 6. Ndb5 d6 7. Bg5 a6 8.
Na3 b5 9. Bxf6 gxf6 10. Nd5 Bg7 11. Bd3 O-O 12. O-O Kh8 13. c4 b4 14. Nc2 a5
15. Qh5 Ne7 16. Nce3 Nxd5 17. exd5 f5 18. Bxf5 Bxf5 {asrian resigns} 1-0

[Event "ICS Rated standard match"]
[Site "204.178.125.65"]
[Date "2000.10.02"]
[Round "?"]
[White "Hossa"]
[Black "nitmo"]
[Result "1/2-1/2"]
[WhiteElo "2408"]
[BlackElo "2021"]
[PlyCount "65"]
[EventDate "2000.??.??"]

1. d4 d5 2. c4 e5 3. dxe5 d4 4. Nf3 Nc6 5. g3 Bg4 6. Bg2 Qd7 7. O-O Bh3 8. Bxh3
Qxh3 9. e3 h5 10. exd4 h4 11. d5 O-O-O 12. Ng5 Qd7 13. e6 fxe6 14. Nxe6 hxg3
15. hxg3 Nf6 16. Qa4 Bc5 17. Bg5 Rh5 18. Qb5 Bb6 19. Bxf6 gxf6 20. dxc6 Qh7 21.
cxb7+ Kb8 22. Qxh5 Qxh5 23. Nxd8 Qh3 24. c5 Bxc5 25. Nc6+ Kxb7 26. Na5+ Ka6 27.
Nb3 Qxg3+ 28. Kh1 Qh3+ 29. Kg1 Bd6 30. f4 Qg3+ 31. Kh1 Qh3+ 32. Kg1 Qg3+ 33.
Kh1 {Game drawn by mutual agreement} 1/2-1/2

[Event "ICS Rated standard match"]
[Site "204.178.125.65"]
[Date "2000.10.02"]
[Round "?"]
[White "Amy"]
[Black "Hossa"]
[Result "0-1"]
[WhiteElo "2580"]
[BlackElo "2395"]
[PlyCount "380"]
[EventDate "2000.??.??"]

1. e4 e5 2. Nf3 Nc6 3. Nc3 Nf6 4. d4 exd4 5. Nxd4 Bb4 6. Nxc6 bxc6 7. Bd3 d5 8.
exd5 cxd5 9. O-O O-O 10. Bg5 c6 11. Na4 Re8 12. c4 d4 13. Qc2 h6 14. Bd2 Bxd2
15. Qxd2 Qd6 16. h3 c5 17. Qa5 Nd7 18. Rae1 Bb7 19. Bf5 Qc6 20. f3 Ne5 21. Nxc5
Nxc4 22. Qb4 Ne3 23. Bd7 Qd6 24. Bxe8 Rxe8 25. Rf2 Rb8 26. Qa5 Bd5 27. b3 Rc8
28. Rc1 a6 29. Qb4 Ba8 30. Rd2 Nf5 31. Rdc2 Bd5 32. Qe1 Rd8 33. Re2 Ne3 34. Qh4
Ba8 35. Ne4 Bxe4 36. Qxe4 Qd7 37. Rc5 Kh8 38. Rd2 f6 39. Rc6 a5 40. Re6 Qb5 41.
Qxe3 dxe3 42. Rxd8+ Kh7 43. Rxe3 Qb6 44. Rde8 Qd4 45. Kh2 Qd2 46. Re2 Qf4+ 47.
Kg1 Qc1+ 48. Kf2 Kg6 49. g4 Qh1 50. Kg3 Qg1+ 51. Kh4 h5 52. R8e6 Kh6 53. f4 Qf1
54. f5 hxg4 55. hxg4 Qh1+ 56. Kg3 Kg5 57. R6e4 Qg1+ 58. Kf3 Qc1 59. Rc4 Qg1 60.
Ra4 Qc1 61. Kf2 Qc5+ 62. Kg2 Qc6+ 63. Rae4 Qc5 64. Rd2 Qc3 65. Red4 Qe3 66. Kf1
Qf3+ 67. Ke1 Qe3+ 68. Kd1 Qc3 69. Ra4 g6 70. fxg6 Kxg6 71. Rc4 Qa1+ 72. Ke2
Qe5+ 73. Kf3 Qe1 74. Rcc2 Qh1+ 75. Kg3 Kf7 76. Re2 Qf1 77. Rcd2 Qg1+ 78. Kf3
Qh1+ 79. Kf4 Qc1 80. Ke3 Kg6 81. Kf2 Qc5+ 82. Re3 Kg5 83. Kf3 Qc6+ 84. Re4 Qc3+
85. Ke2 Qc5 86. Rc4 Qe5+ 87. Kd3 Kh4 88. Re4 Qc7 89. Rde2 Qd7+ 90. Ke3 Qd1 91.
Rd4 Qc1+ 92. Kd3 Kg3 93. Rde4 Qc5 94. R2e3+ Kh4 95. a4 Kg5 96. Rc4 Qd6+ 97. Kc3
Qd1 98. Rce4 Qc1+ 99. Kd4 Qc6 100. Rd3 Qb6+ 101. Kc3 Qc7+ 102. Rc4 Qe5+ 103.
Kc2 Kh4 104. Rd7 Qe6 105. Rd2 Qe5 106. b4 Qe6 107. Rdd4 Qe2+ 108. Kc3 Qe1+ 109.
Kd3 Qb1+ 110. Ke3 Qe1+ 111. Kf3 Qh1+ 112. Kf2 Qh2+ 113. Ke3 Qe5+ 114. Kd3 Qg3+
115. Kc2 Qg2+ 116. Rd2 Qf1 117. Rcd4 axb4 118. Rxb4 Qa1 119. Rdd4 Qa2+ 120. Kc3
Qe6 121. Re4 Qc6+ 122. Rbc4 Qd6 123. Red4 Qa3+ 124. Kc2 Qa2+ 125. Kd3 Qb1+ 126.
Kd2 Qb2+ 127. Ke3 Qb3+ 128. Kf4 Qb1 129. Rc5 Qf1+ 130. Ke3 Qg1+ 131. Kd3 Qf1+
132. Kc2 Qf2+ 133. Kc3 Qe1+ 134. Kc4 Qe2+ 135. Rd3 Qc2+ 136. Kd4 Qxa4+ 137. Rc4
Qa7+ 138. Kc3 Qa1+ 139. Kd2 Qa2+ 140. Rc2 Qa5+ 141. Rcc3 Qg5+ 142. Re3 Qxg4
143. Rc1 Qd4+ 144. Rd3 Qf2+ 145. Kd1 f5 146. Rc2 Qg1+ 147. Kd2 f4 148. Rc4 Qf2+
149. Kd1 Kg4 150. Rdd4 Qf1+ 151. Kd2 Qg2+ 152. Kd3 Qh3+ 153. Kc2 Qh7+ 154. Kd2
Qh2+ 155. Kd3 Qg3+ 156. Kc2 Qh2+ 157. Rd2 Qh7+ 158. Rd3 Qf7 159. Re4 Qa2+ 160.
Kc3 Qa8 161. Rdd4 Qa3+ 162. Kd2 Qb2+ 163. Kd3 Qb5+ 164. Rc4 Qb3+ 165. Rc3 Qd5+
166. Rd4 Qf3+ 167. Kc2 Qg2+ 168. Kd3 Qf1+ 169. Kc2 Qe2+ 170. Kc1 Qf1+ 171. Kd2
Qf2+ 172. Kd3 Qe3+ 173. Kc4 Qe6+ 174. Kd3 Kg3 175. Rc2 f3 176. Kc3 Qf6 177. Kd3
f2 178. Re2 Qxd4+ 179. Kxd4 f1=Q 180. Re5 Qa1+ 181. Kd5 Qa8+ 182. Kd6 Kf4 183.
Rc5 Ke4 184. Rb5 Qd8+ 185. Ke6 Qe8+ 186. Kd6 Qxb5 187. Ke6 Qc6+ 188. Kf7 Kf5
189. Kg7 Qe8 190. Kh6 Qh8# {Amy checkmated} 0-1

[Event "ICS rated blitz match"]
[Site "204.178.125.65"]
[Date "2000.10.02"]
[Round "?"]
[White "Guitige"]
[Black "Hossa"]
[Result "0-1"]
[WhiteElo "2428"]
[BlackElo "2475"]
[PlyCount "82"]
[EventDate "2000.??.??"]

1. d4 d5 2. e3 Nf6 3. c3 g6 4. Bd3 Bh6 5. f4 Bg7 6. Nf3 O-O 7. Nbd2 c6 8. O-O
Bg4 9. Qe2 Nbd7 10. h3 Bf5 11. Ne5 Bxd3 12. Qxd3 Nh5 13. Nxd7 Qxd7 14. Kh2 Qc7
15. g3 f5 16. Nf3 Nf6 17. Kg2 Ne4 18. Nd2 Rf7 19. Nxe4 fxe4 20. Qe2 Raf8 21.
Bd2 Qb6 22. b4 Bf6 23. a3 Qc7 24. Kh1 Qd7 25. Kg2 e6 26. h4 Rg7 27. Rh1 h6 28.
Kf2 e5 29. Kg2 exf4 30. gxf4 Qe7 31. Be1 Qf7 32. Bg3 Be7 33. Raf1 Qf5 34. Kh2
Bd6 35. Qg2 Qg4 36. Rf2 g5 37. Qh3 gxf4 38. Bxf4 Rxf4 39. exf4 Bxf4+ 40. Rxf4
Qxf4+ 41. Qg3 Qxg3# {Guitige checkmated} 0-1

[Event "ICS rated blitz match"]
[Site "204.178.125.65"]
[Date "2000.10.03"]
[Round "?"]
[White "Hossa"]
[Black "Guitige"]
[Result "1-0"]
[WhiteElo "2489"]
[BlackElo "2414"]
[PlyCount "89"]
[EventDate "2000.??.??"]

1. d4 f5 2. c4 Nf6 3. g3 e6 4. Bg2 d5 5. Nf3 c6 6. O-O Bd6 7. b3 O-O 8. Ba3 Qe7
9. Bxd6 Qxd6 10. Nc3 Nbd7 11. Ng5 Qe7 12. Qd2 Ne4 13. Ngxe4 fxe4 14. f3 exf3
15. Bxf3 Nf6 16. e4 Qd7 17. e5 Ne8 18. Bh5 g6 19. Rxf8+ Kxf8 20. Rf1+ Kg7 21.
Bg4 Qe7 22. c5 Bd7 23. Rf3 Nc7 24. Rf2 Rf8 25. Bf3 a6 26. a3 Ne8 27. a4 Nc7 28.
b4 Rf7 29. Rf1 Rf8 30. Nd1 Rf7 31. Ne3 Qf8 32. Qf2 Ne8 33. Ng4 h5 34. Ne3 Nc7
35. Nc2 Ne8 36. Kh1 Nc7 37. Qe2 Be8 38. Qe3 Rf5 39. Qf2 Rf7 40. Ne1 Rf5 41. Ng2
Rf7 42. Nf4 Rf5 43. Bd1 Bd7 44. Bc2 Rg5 45. Nxh5+ {Guitige resigns} 1-0

[Event "ICS rated blitz match"]
[Site "204.178.125.65"]
[Date "2000.10.03"]
[Round "?"]
[White "Guitige"]
[Black "Hossa"]
[Result "0-1"]
[WhiteElo "2401"]
[BlackElo "2502"]
[PlyCount "66"]
[EventDate "2000.??.??"]

1. d4 d5 2. e3 Nf6 3. Bd3 c5 4. f4 c4 5. Be2 Bf5 6. c3 e6 7. Nf3 Ne4 8. O-O Bd6
9. Nbd2 Nf6 10. Nb1 Nc6 11. Nbd2 Ng4 12. Nb1 Qa5 13. h3 Bxb1 14. Rxb1 Qxa2 15.
Bd2 Nf6 16. Qc2 Ne4 17. Ne5 Ng3 18. Rf2 Nxe2+ 19. Rxe2 Ne7 20. Ree1 Bxe5 21.
fxe5 Qb3 22. Qc1 O-O 23. Ra1 Nf5 24. Ra3 Qb5 25. Qc2 Ng3 26. Rea1 a6 27. Ra5
Qb6 28. R5a2 Ne4 29. Kh2 f6 30. exf6 Rxf6 31. Be1 Raf8 32. Bg3 Nxg3 33. Kxg3
Qd6+ {Guitige resigns} 0-1

[Event "ICS rated blitz match"]
[Site "204.178.125.65"]
[Date "2000.10.03"]
[Round "?"]
[White "cthornell"]
[Black "Hossa"]
[Result "0-1"]
[WhiteElo "1903"]
[BlackElo "2513"]
[PlyCount "86"]
[EventDate "2000.??.??"]

1. e4 e5 2. Nf3 Nc6 3. d4 exd4 4. c3 dxc3 5. Bc4 cxb2 6. Bxb2 d6 7. Qb3 Qd7 8.
Ng5 Nh6 9. f4 Na5 10. Qc2 Nxc4 11. Qxc4 b5 12. Qd3 f6 13. Nf3 f5 14. Nc3 Bb7
15. O-O fxe4 16. Nxe4 c5 17. Rae1 O-O-O 18. Nc3 b4 19. Nd5 Qf5 20. Qxf5+ Nxf5
21. Ne3 Nxe3 22. Rxe3 Bd5 23. a3 a5 24. Ng5 h6 25. Ne6 bxa3 26. Bxa3 Bxe6 27.
Rxe6 Kd7 28. f5 Rb8 29. Rfe1 Kc7 30. f6 gxf6 31. Rxf6 Rg8 32. Rf7+ Kc6 33. Re6
Bg7 34. g3 Rbf8 35. Ra7 Ra8 36. Rf7 Rge8 37. Rxe8 Bd4+ 38. Kg2 Rxe8 39. Ra7 Kb6
40. Rd7 Re2+ 41. Kh3 Kc6 42. Ra7 Kb5 43. Bc1 Bg1 {cthornell resigns} 0-1